Normal view MARC view

Entry Nome pessoal

Number of records used in: 1

001 - NÚMERO DE CONTROLE

  • campo de controle: 656

003 - IDENTIFICADOR DO NÚMERO DE CONTROLE

  • campo de controle: Br

005 - DATA E HORÁRIO DA ÚLTIMA TRANSAÇÃO

  • campo de controle: 20250327075338.0

008 - CAMPO DE DADOS FIXOS

  • campo de controle de tamanho fixo: 980909|| acnnnaab| aaaa d

035 ## - NÚMERO DE CONTROLE DO SISTEMA

  • Número de Controle do Sistema: 98090909313311E10

040 ## - FONTE DA CATALOGAÇÃO

  • Instituição da catalogação original: Br
  • Instituição que transcreveu o registro: Br

100 1# - CABEÇALHO--NOME PESSOAL

  • Nome pessoal: Kazantzakis, Nikos,
  • Datas associadas ao nome: 1883-1957

400 1# - REMISSIVA VER--NOME PESSOAL

  • Nome pessoal: Akritas
  • Datas associadas ao nome: 1883-1957

400 1# - REMISSIVA VER--NOME PESSOAL

  • Nome pessoal: Kazan, Nicolas
  • Datas associadas ao nome: 1883-1957

400 1# - REMISSIVA VER--NOME PESSOAL

  • Nome pessoal: Kazantzaki, Nikos
  • Datas associadas ao nome: 1883-1957

670 ## - FONTE POSITIVA DOS DADOS

  • Citação da fonte positiva dos dados: Autor de: Vida e proezas de Aléxis Zorbás. 2011
  • Dados encontrados na fonte localizada no subcampo: (ficha cat.: D.)

670 ## - FONTE POSITIVA DOS DADOS

  • Citação da fonte positiva dos dados: Delta
  • Dados encontrados na fonte localizada no subcampo: (d.n.: 1885)

670 ## - FONTE POSITIVA DOS DADOS

  • Citação da fonte positiva dos dados: http://authorities.loc.gov 31/10/2011
  • Dados encontrados na fonte localizada no subcampo: (D., rem.)

670 ## - FONTE POSITIVA DOS DADOS

  • Citação da fonte positiva dos dados: http://en.wikipedia.org/wiki/Nikos_Kazantzakis
  • Dados encontrados na fonte localizada no subcampo: (Nikos Kazantzakis, escritor e filósofo grego; D.)

Powered by Koha